Представление документа в формате RUSMARC

ПолеНазваниеЗначение
  Тип записи a
  Библиографический уровень m
001 Контрольный номер RU/SLIB/B/208754492
005 Дата корректировки 20201206204147.0
010 Индекс ISBN __
d Цена 2-40
101 Язык документа __
a Язык текста rus
200 Заглавие и сведения об ответственности 1_
a Заглавие И... оживают куклы
e Сведения, относящиеся к заглавию кн. о кукольных театрах : для сред. возраста
f Первые сведения об ответственности рец.: В. И. Березкин, А. Н. Розенпуд ; худож. Н. Мищенко ; Фото: В. Андреева, А. Лыскина, В. Мейерова и др.
b Общее обозначение материала Текст
210 Выходные данные __
a Место издания М.
c Издательство Дет. лит.
d Дата издания 1982
215 Физическое описание __
a Объем 189 с.
c Иллюстрации/тип воспроизводства фотоил.
300 Общие примечания __
a Общие примечания Фотоил. указ. в вых. данных
606 Тематические рубрики __
a Основная рубрика Музыка и зрелищные искусства
606 Тематические рубрики __
a Основная рубрика Театр кукол
610 Ключевые слова __
a Ключевые слова кукольные театры
686 Индексы других классификаций __
a Классификационный индекс 85.337
700 Автор _1
a Фамилия Смирнова
b Имя Н. И.
4 Код отношения 070
801 Источник записи _0
a Страна RU
b Организация Муниципальное бюджетное учреждение культуры "Централизованная библиотечная система" г. Сургут (Центральная городская библиотека им. А. С. Пушкина)
g Правила каталогизации КиК/Уланова
801 Источник записи _1
a Страна RU
b Организация Муниципальное бюджетное учреждение культуры "Централизованная библиотечная система" г. Сургут (Центральная городская библиотека им. А. С. Пушкина)
g Правила каталогизации КиК/Уланова
852 Данные о местонахождении __
j Шифр хранения 85.337
c Каталожный индекс 85.337
i Авторский знак С 50
p Инвентарный номер 17515
901 Тип документа __
t Тип документа m
990 Данные о заказе (DOS) __
j Количество экземпляров (DOS) 1